000 00432ntaaa2200169 4500
003 01
005 20251027201513.0
008 0714s1973 ag 01
040 _aAR-BaBN
_bspa
_cAR-BaBN
_eaacr
_dRIC
082 _a227.5000 H66
100 _aHodge, Charles
245 _aCommentary on the Epistle to the Ephesians
250 _a1 ed. :
_bEerdmans,
_cn.f.
300 _a398 p.
650 _aBiblia-Nuevo Testamento-Efesios
942 _cBK
999 _c9650
_d9650